| 000 | 00730nam a2200205 i 4500 | ||
|---|---|---|---|
| 001 | 186713 | ||
| 003 | ES-MaACL | ||
| 005 | 20231223063123.0 | ||
| 008 | 170208s1909 sp |||| | spa d | ||
| 080 | _a929 Dicenta, Joaquín | ||
| 100 | 1 |
_aDicenta, Joaquín, _d1863-1917 _944474 |
|
| 245 | 1 | 0 |
_aIdos y muertos : _bpáginas autobiográficas / _cde Joaquín Dicenta ; ilustraciones de Cilla. |
| 260 |
_aMadrid : _bLos Contemporáneos, _c1909. |
||
| 300 |
_a[20] p. : _bil. ; _c28 cm. |
||
| 490 | 1 |
_aLos contemporáneos ; _vaño 1, n. 37 |
|
| 700 | 1 |
_aCilla Pérez, Ramón, _d1859-1937 _938822 |
|
| 830 | 0 |
_aLos contemporáneos ; _vaño 1, n. 37 _9185715 |
|
| 852 |
_aES-MaACL _jR-2597(10) |
||
| 999 |
_c186713 _d186713 |
||